<?xml version="1.0" encoding="UTF-8"?><?xml-stylesheet type="text/xsl" href="static/style.xsl"?><OAI-PMH xmlns="http://www.openarchives.org/OAI/2.0/" xmlns:xsi="http://www.w3.org/2001/XMLSchema-instance" xsi:schemaLocation="http://www.openarchives.org/OAI/2.0/ http://www.openarchives.org/OAI/2.0/OAI-PMH.xsd"><responseDate>2026-04-19T11:18:09Z</responseDate><request verb="GetRecord" identifier="oai:www.recercat.cat:10230/32824" metadataPrefix="marc">https://recercat.cat/oai/request</request><GetRecord><record><header><identifier>oai:recercat.cat:10230/32824</identifier><datestamp>2025-12-22T20:19:47Z</datestamp><setSpec>com_2072_6</setSpec><setSpec>col_2072_452954</setSpec></header><metadata><record xmlns="http://www.loc.gov/MARC21/slim" xmlns:dcterms="http://purl.org/dc/terms/" xmlns:xsi="http://www.w3.org/2001/XMLSchema-instance" xmlns:doc="http://www.lyncode.com/xoai" xsi:schemaLocation="http://www.loc.gov/MARC21/slim http://www.loc.gov/standards/marcxml/schema/MARC21slim.xsd">
   <leader>00925njm 22002777a 4500</leader>
   <datafield ind2=" " ind1=" " tag="042">
      <subfield code="a">dc</subfield>
   </datafield>
   <datafield ind2=" " ind1=" " tag="720">
      <subfield code="a">Hernàndez Magrí, Íngrid</subfield>
      <subfield code="e">author</subfield>
   </datafield>
   <datafield ind2=" " ind1=" " tag="260">
      <subfield code="c">2017-09-28T10:36:06Z</subfield>
   </datafield>
   <datafield ind2=" " ind1=" " tag="260">
      <subfield code="c">2017-09-28T10:36:06Z</subfield>
   </datafield>
   <datafield ind2=" " ind1=" " tag="260">
      <subfield code="c">2017-09-28</subfield>
   </datafield>
   <datafield ind2=" " ind1=" " tag="520">
      <subfield code="a">Tutora: Griselda Manzano</subfield>
   </datafield>
   <datafield ind2=" " ind1=" " tag="520">
      <subfield code="a">Introducció: El traumatisme cranioencefàlic (TCE) es defineix com aquell traumatisme ocasionat al&#xd;
crani que compromet el correcte funcionament del cervell. Es classifica en un TCE greu (TCEG) quan&#xd;
el resultat en l&amp;apos;Escala de coma de Glasgow (GCS) és de menys de 9 punts. Presenten una elevada&#xd;
incidència global i es considera un problema de salut pública a causa de la seva gran morbimortalitat.&#xd;
Objectius: Els objectius d&amp;apos;aquest estudi són conèixer que hi ha escrit en la literatura sobre&#xd;
l&amp;apos;abordatge del pacient adult amb un TCEG a nivell hospitalari i sobre les cures d&amp;apos;infermeria i el paper&#xd;
d&amp;apos;aquesta en la rehabilitació del pacient que ha patit un TCEG.&#xd;
Metodologia: Es va realitzar un estudi observacional descriptiu, corresponent a una revisió de la&#xd;
literatura, al llarg dels mesos de Març i Abril del 2017 dins de l&amp;apos;Escola Superior de Ciències de la Salut&#xd;
Tecnocampus-Mataró en 4 bases de dades diferents a la cerca de literatura publicada els últims 10&#xd;
anys.&#xd;
Resultats: Es van descartar 304 articles per no complir els criteris d&amp;apos;inclusió i exclusió i mitjançant&#xd;
una lectura crítica es va aconseguir una mostra final de 25 articles. Un 68% (n=17) dels articles parlen&#xd;
de les cures Infermeres, cinc d&amp;apos;ells parlen de la hipertensió intracranial (HTIC) com a lesió secundària&#xd;
més habitual. El 32% (n=8) restant són articles corresponents a les complicacions patides pel pacient&#xd;
com a conseqüència del TCEG i del paper de la Infermera en aquest àmbit.&#xd;
Conclusions: Les funcions específiques d’infermeria inclouen el maneig de la PIC per tal d’evitar la&#xd;
HTIC, manteniment de la PPC, valoració neurològica, control del dolor i constants vitals, aspiració&#xd;
endotraqueal, higiene personal, etc. Les complicacions més habituals inclouen canvis&#xd;
neuroendocrins, dolor crònic, insomni i fatiga, entre altres. El paper d’infermeria inclou la&#xd;
rehabilitació, educació sanitària, reconeixement de complicacions i acompanyament al pacient i la&#xd;
família.</subfield>
   </datafield>
   <datafield tag="653" ind2=" " ind1=" ">
      <subfield code="a">Cures</subfield>
   </datafield>
   <datafield tag="653" ind2=" " ind1=" ">
      <subfield code="a">Rol infermer</subfield>
   </datafield>
   <datafield tag="653" ind2=" " ind1=" ">
      <subfield code="a">Traumatisme cranioencefàlic greu</subfield>
   </datafield>
   <datafield ind2="0" ind1="0" tag="245">
      <subfield code="a">Abordatge infermer del pacient amb traumatisme cranioencefàlic greu (TCEG)</subfield>
   </datafield>
</record></metadata></record></GetRecord></OAI-PMH>